Optical solitons : from fibers to photonic crystals /

The current research into solitons and their use in fiber optic communications is very important to the future of communications. Since the advent of computer networking and high speed data transmission technology people have been striving to develop faster and more reliable communications media. Op...

Full description

Bibliographic Details
Main Author: Kivshar, Y. S. (Yuri S.), 1959-
Other Authors: Agrawal, G. P. (Govind P.), 1951-
Format: eBook
Language:English
Published: Amsterdam ; Boston : Academic Press, [2003]
Subjects:
Online Access:Connect to the full text of this electronic book
Publisher description
Table of contents

MARC

Tag First Indicator Second Indicator Subfields
LEADER 00000cam a2200000Ia 4500
001 in00002425451
005 20190327171550.0
006 m d
007 cr cn|||||||||
008 070802s2003 ne a sb 001 0 eng d
020 |a 9780124105904 
020 |a 0124105904 
035 |a (OCoLC)ocn162129411 
035 |a (OCoLC)162129411 
037 |a 89404:89404  |b Elsevier Science & Technology  |n http://www.sciencedirect.com 
040 |a OPELS  |c OPELS  |d UtOrBLW 
049 |a TEFA 
050 1 4 |a QC174.26.W28  |b K58 2003eb 
082 0 4 |a 530.1/4  |2 22 
100 1 |a Kivshar, Y. S.  |q (Yuri S.),  |d 1959- 
245 1 0 |a Optical solitons :  |b from fibers to photonic crystals /  |c Yuri S. Kivshar, Govind P. Agrawal. 
264 1 |a Amsterdam ;  |a Boston :  |b Academic Press,  |c [2003] 
264 4 |c ©2003 
300 |a xvi, 540 pages :  |b illustrations ;  |c 24 cm. 
336 |a text  |b txt  |2 rdacontent 
337 |a computer  |b c  |2 rdamedia 
338 |a online resource  |b cr  |2 rdacarrier 
533 |a Electronic reproduction.  |b Amsterdam :  |c Elsevier Science & Technology,  |d 2007.  |n Mode of access: World Wide Web.  |n System requirements: Web browser.  |n Title from title screen (viewed on July 25, 2007).  |n Access may be restricted to users at subscribing institutions. 
520 |a The current research into solitons and their use in fiber optic communications is very important to the future of communications. Since the advent of computer networking and high speed data transmission technology people have been striving to develop faster and more reliable communications media. Optical pulses tend to broaden over relatively short distances due to dispersion, but solitons on the other hand are not as susceptible to the effects of dispersion, and although they are subject to losses due to attenuation they can be amplified without being received and re-transmitted. This book is the first to provide a thorough overview of optical solitons. The main purpose of this book is to present the rapidly developing field of Spatial Optical Solitons starting from the basic concepts of light self-focusing and self-trapping. It will introduce the fundamental concepts of the theory of nonlinear waves and solitons in non-integrated but physically realistic models of nonlinear optics including their stability and dynamics. Also, it will summarize a number of important experimental verification of the basic theoretical predictions and concepts covering the observation of self-focusing in the earlier days of nonlinear optics and the most recent experimental results on spatial solitons, vortex solitons, and soliton interaction & spiraling. * Introduces the fundamental concepts of the theory of nonlinear waves and solitons through realistic models * Material is based on authors' years of experience actively working in and researching the field * Summarizes the most important experimental verification of the basic theories, predictions and concepts of this ever evolving field from the earliest studies to the most recent. 
505 0 |a Preface -- 1.Introduction -- 2.Spatial Solitons -- 3.Temporal Solitons -- 4.Dark Solitons -- 5.Bragg Solitons -- 6.Two-Dimensional Solitons -- 7.Spatiotemporal Solitons -- 8.Vortex Solitons -- 9.Vector Solitons -- 10.Parametric Solitons -- 11.Discrete Solitons -- 12.Solitons in Photonic Crystals -- 13.Incoherent Solitons -- 14.Related Concepts -- References -- Index. 
504 |a Includes bibliographical references and index. 
500 |a Electronic resource. 
650 0 |a Solitons. 
650 0 |a Optical fibers. 
655 7 |a Electronic books.  |2 local 
700 1 |a Agrawal, G. P.  |q (Govind P.),  |d 1951- 
730 0 |a Referex. 
776 1 |c Original  |z 0124105904  |z 9780124105904  |w (DLC) 2002117795  |w (OCoLC)52513080 
856 4 0 |u http://proxy.library.tamu.edu/login?url=http://www.sciencedirect.com/science/book/9780124105904  |z Connect to the full text of this electronic book  |t 0 
856 4 2 |3 Publisher description  |u http://www.loc.gov/catdir/description/els031/2002117795.html  |t 0 
856 4 2 |3 Table of contents  |u http://www.loc.gov/catdir/toc/els031/2002117795.html  |t 0 
994 |a C0  |b TEF 
999 |a MARS 
999 f f |s 448dce9d-421d-3410-9651-5fe15039e2b4  |i 1e207ec9-9fcd-3c59-ba8c-9a905dd681f2  |t 0 
952 f f |a Texas A&M University  |b College Station  |c Electronic Resources  |d Available Online  |t 0  |e QC174.26.W28 K58 2003eb  |h Library of Congress classification 
998 f f |a QC174.26.W28 K58 2003eb  |t 0  |l Available Online